El Principito y el piloto y las potencias naturales

Saved in:
書目詳細資料
主要作者: Saint-Exupéry, Antoine de (Author)
格式: 圖書
語言:西班牙语
出版: Santiago Pehuén 1991
叢編:Colección Moby Dick, 1
主題:
標簽: 添加標簽
沒有標簽, 成為第一個標記此記錄!

MARC

LEADER 00000nam a2200000 a 4500
001 UCZ7204
003 CL-VaPUC
008 951228e19910000CL |||||||||||||||||spa|d
082 0 4 |a 843  |b SAI  |2 21 
100 0 |a Saint-Exupéry, Antoine de  |e author  |9 315926 
245 1 3 |a El Principito y el piloto y las potencias naturales 
300 |a 157 p 
942 |c BK 
945 |d 19951228 00:00:00  |a rleighto 
260 |a Santiago  |b Pehuén  |c 1991 
650 0 |a Novela francesa  |9 264985 
583 |a last modification  |c 19951228 00:00:00  |k Rodrigo Vera 
490 0 |a Colección Moby Dick, 1 
999 |c 243313  |d 243311 
952 |0 0  |1 0  |4 0  |6 843_000000000000000_SAI_1991  |7 0  |8 A  |9 256884  |a BIBEDU  |b BIBEDU  |d 2019-11-19  |i 3164136  |l 1  |m 1  |o 843 SAI 1991  |p 3164136  |r 2024-11-05  |s 2024-10-23  |w 2019-11-19  |y BK  |k EDU